Archivo de Diseño / (Registro nro. 12395)

Detalles MARC
000 -LEADER
longitud fija campo de control 01043nam a22002897a 4500
003 - IDENTIFICADOR DE NUMERO DE CONTROL
control del campo AR-RoUNA
005 - FECHA DE LA ULTIMA MODIFICACION
control del campo 20260428094332.0
008 - CAMPO DE CONTROL - LIBROS
longitud fija campo de control 260427b |||||||| |||| 00| 0 spa d
020 ## - INTERNATIONAL STANDARD BOOK NUMBER
ISBN 9789870707240
040 ## - ORIGEN DE LA CATALOGACION
Agencia que cataloga la obra original AR-RoUNA
Idioma en que se cataloga spa
Entidad que modifico el registro AR-RoUNA
041 ## - CODIGO DE IDIOMA
Codigo de idioma del texto / sonido o titulo separado spa
Codigo de idioma de la traduccion original y / o intermedios de texto spa
044 ## - CODIGO DE PAIS / ENTIDAD PRODUCTORA
Codigo MARC del pais ag
245 10 - TITULO PROPIAMENTE DICHO
Titulo Archivo de Diseño /
Mencion de responsabilidad, etc ARQ. Diario Clarin; directora Ernestina Herrera de Noble
250 ## - MENCION DE EDICION
Edicion declarada 1a. ed.
260 ## - EDITORIAL - PUBLICACION, DISTRIBUCION, ETC. (Pie de imprenta)
Lugar de publicacion, distribucion, etc Buenos Aires :
Nombre del editor, distribuidor, etc Diario Clarin,
Fecha de publicacion 2009
300 ## - DESCRIPCION FISICA
Extension 240 f.:
Otros detalles fisicos fot. col.,
Dimensiones 28 cm
500 ## - NOTA GENERAL
Nota general “Archivo de Diseño” – Clarín. Ofrece un conjunto único compuesto de dos ediciones; publicados por el Diario de Arquitectura de Clarín, hoy consideradas piezas de referencia que aborda Arquitectura y Diseño.
650 #4 - MATERIA - TERMINO TEMATICO
Término temático general Diseño industrial
650 #4 - MATERIA - TERMINO TEMATICO
Término temático general Arquitectura
650 #4 - MATERIA - TERMINO TEMATICO
Término temático general Diseño
General subdivision Tendencias
700 1# - ENTRADA SECUNDARIA - NOMBRES PERSONALES
Nombre personal Herrera de Noble, Ernestina
Función dir.
9 (RLIN) 27701
908 ## - SOPORTE
Soporte Imp
930 ## - ACCESION
Numero de accesion (NR) 12324
942 ## - FUENTE DE CLASIFICACION
Clasificacion Universal Decimal Classification
Tipo de item Libro
945 ## - INFORMACION DE PROCESAMIENTO
Fecha de ingreso o modificacion 2026-04-27
Codigo del operador MIA
980 ## - DECLARACIÓN DE EQUIVALENCIA O SERIE DE REFERENCIA CRUZADA - NOMBRE / TÍTULO PERSONAL [LOCAL, CANADÁ]
Código del operador 1
Nombre del operador Maricel Allasia
Código del operador que modifico el registro 1
Nombre del operador que modifico el registro Maricel Allasia
Existencias
Estado retiro Estado perdido Sistema de clasificacion Estado general Restricciones de uso Biblioteca de origen Ubicacion actual Localizacion en estante Fecha de adquisicion Fuente de adquisicion Prestamos totales Signatura y librística Proveedor Numero de ejemplar Tipo de elemento KOHA Nota no publica
Disponible Disponible cdu No dañado Ningun uso de restricciones Arq. Hilarión H. Larguia Arq. Hilarión H. Larguia Diseño Gráfico - Sala 27/04/2026 Don   745/749(82) D611 18486 ej. 1 Libro